Einbürgerungstest für Deutschland - Statistiken

Allgemein
  • Dieses Quiz wurde 17.515 mal gespielt
  • Das Durchschnittsergebnis liegt bei 23 aus 30
Antwortstatistiken
Frage Antwort % Korrekt
Was ist kein Bundesland der Bundesrepublik Deutschland? Elsass-Lothringen
99%
Welches Tier ist das Wappentier der Bundesrepublik Deutschland Adler
98%
Die Bundesrepublik Deutschland ist heute gegliedert in... Bund, Länder und Kommunen.
93%
Wie werden die Regierungschefs der meisten Bundesländer in Deutschland genannt? Ministerpräsident/ Ministerpräsidentin
93%
Die beiden größten Fraktionen im Deutschen Bundestag heißen zurzeit... CDU/CSU und AfD.
92%
Was bedeutet "Volkssouveränität"? Alles Staatsgewalt geht vom... Volke aus.
89%
Womit kann man in der Bundesrepublik Deutschland geehrt werden, wenn man auf politischem, wirtschaftlichem, kulturellem, geistigem oder sozialem Gebiet eine besondere Leistung erbracht hat? Bundesverdienstkreuz
87%
Was gab es in Deutschland nicht während der Zeit des Nationalsozialismus? freie Wahlen
86%
Wer darf in Deutschland nicht als Paar zusammenleben? Anne (13 Jahre) und Tim (25 Jahre)
85%
Welche Länder wurden nach dem Zweiten Weltkrieg in Deutschland als "Alliierte Besatzungsmächte" bezeichnet? USA, Sowjetunion, Großbritannien, Frankreich
85%
Das "Dritte Reich" war eine... Diktatur.
84%
Die Menschen in Deutschland leben nach dem Grundsatz der religiösen Toleranz. Was bedeutet das? Jeder kann glauben, was er möchte.
83%
Was ist in Deutschland vor allem eine Aufgabe der Länder? Schulpolitik
83%
Eine junge Frau in Deutschland, 22 Jahre alt, lebt mit ihrem Freund zusammen. Die Eltern der Frau finden das nicht gut, weil ihnen der Freund nicht gefällt. Was können die Eltern tun? Sie müssen die Entscheidung der volljährigen Tochter respektieren.
83%
Eine Frau in Deutschland verliert ihre Arbeit. Was darf nicht der Grund für diese Entlassung sein? Die Frau bekommt ein Kind und ihr Chef weiß das.
82%
Warum gibt es die 5%-Hürde im Wahlgesetz der Bundesrepublik Deutschland? Es gibt sie, weil... viele kleine Parteien die Regierungsbildung erschweren.
80%
Vom Volk gewählt wird in Deutschland... der Bundestag.
76%
Vom Juni 1948 bis zum Mai 1949 wurden die Bürger und Bürgerinnen von West-Berlin durch eine Luftbrücke versorgt. Welcher Umstand war dafür verantwortlich? Die Sowjetunion unterbrach den gesamten Verkehr auf dem Landwege.
76%
Zu welchem Fest tragen Menschen in Deutschland bunte Kostüme und Masken? am Rosenmontag
75%
Claus Schenk Graf von Stauffenberg wurde bekannt durch... das Attentat auf Hitler am 20. Juli 1944.
75%
Was wollte Willy Brandt mit seinem Kniefall 1970 im ehemaligen jüdischen Ghetto in Warschau ausdrücken? Er bat Polen und die polnischen Juden um Vergebung.
75%
Die Bundestagswahl in Deutschland ist die Wahl... des Parlaments für Deutschland.
74%
Wer wählt den Bundeskanzler in Deutschland? der Bundestag
71%
Die Bundesrepublik Deutschland ist ein Gründungsmitglied... der Europäischen Union (EU).
71%
Wer schrieb den Text zur deutschen Nationalhymne? Heinrich Hoffmann von Fallersleben
68%
Was passierte am 9. November 1938 in Deutschland? Jüdische Geschäfte und Synagogen werden durch Nationalsozialisten und ihre Anhänger zerstört.
62%
Je mehr Zweitstimmen eine Partei bei einer Bundestagswahl bekommt, desto... mehr Sitze erhält die Partei im Parlament.
62%
Wer ist das Staatsoberhaupt der Bundesrepublik Deutschland? der Bundespräsident / die Bundespräsidentin
60%
Was ereignete sich am 17. Juni 1953 in der DDR? landesweite Streiks und ein Volksaufstand
53%
Was gehört zu den Aufgaben des deutschen Bundespräsidenten? Er / Sie schlägt den Kanzler / die Kanzlerin zur Wahl vor.
46%
Keine übereinstimmenden Quizze gefunden
Verteilung der Resultate
Anzahl Personen mit jedem Resultat
Perzentil nach korrekt beantworteten Fragen
Ihre Resultats-Entwicklung
Sie haben dieses Quiz noch nicht gespielt